000 00523nam a22001937a 4500
003 MX-MxINE
005 20260601193905.0
008 260513b |||||||| |||| 00| 0 spa d
040 _aICI
_bspa
_cICI
_erda
050 _aTJ1195
_bT79 2018
100 1 _aTuper
_eautor
_934397
245 _aCatálogo 2018
_bPrecio al publico
264 _aMéxico
_bTruper S.A. de C.V
_c2018
300 _a480 páginas
336 _2rdacontent
_atexto
337 _2rdamedia
_asin medio
338 _2rdacarrier
_avolumen
942 _2lcc
_n1
_cB
999 _c22372
_d22372